El estructuralismo, el pensamiento salvaje y la muerte

Gespeichert in:
Bibliographische Detailangaben
1. Verfasser: Vázquez, Héctor
Format: Buch
Sprache:Undetermined
Veröffentlicht: México, Distrito Federal Fondo de Cultura Económica 1982
Schlagworte:
Tags: Tag hinzufügen
Keine Tags, Fügen Sie den ersten Tag hinzu!

MARC

LEADER 00000nam a2200000Ia 4500
008 170316s9999 xx 000 0 und d
090 |a 100 V-5e 
100 |a Vázquez, Héctor 
245 |a El estructuralismo, el pensamiento salvaje y la muerte 
260 |a México, Distrito Federal 
260 |b Fondo de Cultura Económica 
260 |c 1982 
300 |a 247 páginas 
650 |a FILOSOFÍA 
999 |c 17890  |d 17890 
040 |a cru BVZT 
942 |c 15 D  |h 100 V-5e  |2 z